000 00984nam a2200229 i 4500
001 170743
003 ES-MaACL
005 20251012191942.0
008 090402s1951 sp b |||| | spa d
100 1 _aMaldonado, Juan de,
_d1533-1583
_9162949
245 1 0 _aComentarios a los cuatro Evangelios.
_nII,
_pEvangelios de San Marcos y San Lucas /
_cJuan de Maldonado ; versión castellana con introducciones y notas por José Caballero.
246 3 0 _aEvangelios de San Marcos y San Lucas
260 _aMadrid :
_bEditorial Católica,
_c1951.
300 _aXIII, 880 p., 14 mapas ;
_c20 cm.
490 1 _aBiblioteca de autores cristianos ;
_v72
630 0 4 _aBiblia.
_pN.T.
_pEvangelio según Marcos-
_vComentarios.
_9139831
630 0 _aBiblia.
_pN.T.
_pEvangelio según Lucas-
_vComentarios.
_9119296
700 1 _aCaballero, José,
_d1899-1983
_9138728
830 0 0 _aBiblioteca de autores cristianos
_v72
_9178679
852 _aES-MaACL
_jJ-70
999 _c170743
_d170743